000 00523nam a2200181Ia 4500
999 _c58214
_d58211
082 _aR/2CS14
100 _aAaqib
100 _aRoll No. 14CS11
100 _aSupervisor - Engr. Fayyaz Ahmed Memon
245 0 _aImage Classification Using Deep Learning.
260 _aNawabshah
_bQUEST
_c2018
300 _a70p
700 _aSaira Abbasi (Roll No. 14CS17)
700 _aVajeeha Mir (Roll No. 14CS41)
700 _aNabeel Ahmed Arain (Roll No. 14CS47)
700 _aJameel Ahmed (Roll No. 14CS23)
942 _cTHESIS